Statistics for Only The Poets - Speak Out (all lyrics)

Click here to take the quiz!

General Stats

  • This quiz has been taken 4 times
  • The average score is 267 of 271

Answer Stats

Answer% Correct
About
100%
about
100%
ahead
100%
all
100%
always
100%
and
100%
And
100%
appealing
100%
are
100%
Are
100%
around
100%
be
100%
before
100%
believing
100%
between
100%
'bout
100%
But
100%
can't
100%
ceiling
100%
changing
100%
come
100%
could
100%
couldn't
100%
doesn't
100%
don't
100%
down
100%
dreams
100%
ever
100%
explain
100%
feel
100%
feeling
100%
figure
100%
From
100%
fucked
100%
get
100%
Go
100%
ground
100%
head
100%
hear
100%
high
100%
hope
100%
horse
100%
How
100%
I
100%
ideas
100%
If
100%
if
100%
I'll
100%
I'm
100%
in
100%
insane
100%
it
100%
It
100%
It's
100%
keep
100%
knock
100%
me
100%
my
100%
never
100%
nothing
100%
now
100%
of
100%
on
100%
only
100%
our
100%
out
100%
particular
100%
really
100%
safe
100%
seeing
100%
seem
100%
showing
100%
side
100%
sit
100%
smack
100%
so
100%
speak
100%
stay
100%
Talking
100%
tell
100%
that
100%
the
100%
these
100%
things
100%
this
100%
thought
100%
to
100%
tried
100%
try
100%
used
100%
wanted
100%
was
100%
way
100%
what
100%
When
100%
who
100%
who's
100%
would
100%
You
100%
you
100%
your
100%
burn
75%
even
75%
everything's
75%
familiar
75%
meaning
75%
seems
75%
stealing
75%
Without
75%
Yeah
75%
You'll
75%
you're
75%
credit
50%

Score Distribution

Percentile by Number Answered

Percent of People with Each Score

Your Score History

You have not taken this quiz